|
|
|
|
| LEADER |
00000cam a2200000 a 4500 |
| 001 |
vtls001060897 |
| 003 |
SK-MaSNL |
| 005 |
20260507133825.0 |
| 008 |
250414s1989 xo dl frpn 000 0 slo |
| 015 |
|
|
|a SNBA1989/05
|
| 020 |
|
|
|a 8007001883
|q (brož.)
|
| 035 |
|
|
|a SNK000003725
|
| 035 |
|
|
|a urn:nbn:sk:snk-amlinv
|
| 035 |
|
|
|a urn:nbn:sk:snk-am00bqmx
|
| 035 |
|
|
|a D227EA84-4F27-464E-99A5-0C88B1E7370B
|
| 040 |
|
|
|a SNK
|b slo
|c SNK
|e AACR2
|
| 041 |
0 |
|
|a slo
|
| 044 |
|
|
|a xo
|c SK
|
| 072 |
|
7 |
|a 57
|x Všeobecná biológia
|2 konspekt
|
| 072 |
|
7 |
|a 37.016
|x Učebné osnovy. Vyučovacie predmety. Učebnice
|2 konspekt
|
| 080 |
|
|
|a 519.2(075.8)(076.5)
|2 1981
|
| 080 |
|
|
|a 57.087.1
|2 2011
|
| 080 |
|
|
|a (075.8)
|2 2011
|
| 080 |
|
|
|a (076.5)
|2 2011
|
| 100 |
1 |
|
|a Cabadajová, Margita,
|d 1931-
|4 aut
|9 53993
|
| 245 |
1 |
0 |
|a Návody na cvičenia z biometriky
|c Margita Cabadajová, Anna Mechírová
|
| 250 |
|
|
|a 1. vyd.
|
| 260 |
|
|
|a Bratislava
|b Príroda
|c 1989
|
| 300 |
|
|
|a 198 s.
|b grafy, sch., tab.
|c 29 cm
|
| 366 |
|
|
|e 600 výtl.
|
| 504 |
|
|
|a Obsahuje bibliografiu
|
| 650 |
0 |
7 |
|a biometrika
|2 SNKPH
|9 68160
|
| 655 |
|
7 |
|a učebnice vysokých škôl
|2 SNKPH
|9 70191
|
| 655 |
|
7 |
|a praktické cvičenia
|2 SNKPH
|9 70517
|
| 700 |
1 |
|
|a Mechírová, Anna,
|d 1940-
|4 aut
|9 40307
|
| 850 |
|
|
|a Slovenská národná knižnica
|
| 852 |
|
|
|a Slovenská národná knižnica
|
| 919 |
|
|
|a 80-07-00188-3
|
| 954 |
|
|
|a odborná, vedecká literatúra pôvodná (slovenská)
|2 lita
|
| 958 |
|
|
|a OND
|
| 958 |
|
|
|a TL
|
| 958 |
|
|
|a UV
|
| 958 |
|
|
|a NB
|
| 999 |
|
|
|c 1195708
|d 1197638
|
| 952 |
|
|
|t P60, <04>, [BOOK], {604}
|a SNK
|b SNK
|y VYP
|7 0
|p 17A0073713
|o snkSB 46167 D1
|i snkKSP 1610/90
|0 0
|1 0
|4 0
|d 1997-06-13
|l 0
|r 2004-12-31 00:00:00
|w 2026-02-24
|
| 952 |
|
|
|a SNK
|b SNK
|y PREZ
|7 0
|p 17A0824238
|o snkSB 46167
|i snkKSP 1609/90
|0 0
|1 0
|4 0
|d 2009-06-10
|f 1
|l 0
|r 2025-01-31 00:00:00
|w 2026-02-24
|